Quiz o koniach - Statystyki

Ogólne statystyki
  • Ten quiz został rozwiązany 20 razy
  • Średni wynik to 9 z 13
Statystyki odpowiedzi
Zagadnienie Odpowiedź % Poprawnych
Czy konie mogą kochać człowieka Tak
94%
Co zawsze nakładamy na konia pod siodło Czaprak
81%
Jak nazywa się czarna maść konia Kara
81%
Jak nazywa się styl jeździecki według którego jeździ się bez skoków, w jeansach i częstym wyborem są ogłowia bez nachrapnika Westernowy
81%
Jaki jest rekord skoku konia w metrach 2.47
75%
Jak nazywa się osoba zajmująca się kopytami koni Kowal
75%
Gdzie konie wychodzą na dwór Padok
69%
Które z tych dyscyplin należą do stylu angielskiego Skoki przez przeszkody, ujeżdżenie
69%
Która z tych maści konia nie istnieje Biała
56%
Konie to zwierzęta parzystokopytne. Fałsz
56%
Jak nazywają się popularny rodzaj zawodów łączący elementy ujeżdżenia, skoków i crossu Wkkw
56%
Jak nazywa się osoba zajmująca się opieką końmi i przygotowywaniem ich do jazdy (zazwyczaj na zawodach) Luzak
50%
Jak nazywa się uzda do lonżowania konia Kawecan
38%
Nie znaleziono quizów pasujących do podanych kryteriów
Rozkład punktacji
Procent ludzi z każdym wynikiem
Percentyl według liczby udzielonych odpowiedzi
Twoja historia wyników
Nie rozwiązałeś tego quizu